000 00534nmm a2200157Ia 4500
008 251105s9999||||xx |||||||||||||||||und||
020 _a9788431511630
041 _aspa
100 _ade expertos 2100, Equipo
245 0 _aRedacte usted mismo currículum vitae y propuestas de colaboración
264 _a[Madrid, España] :
_bDe Vecchi,
_c[Fecha de publicación no identificada]
300 _a0 páginas
650 _aSelf-help and personal development
856 _uhttps://public.digitaliapublishing.com/a/122959
942 _cCF
999 _c80925
_d80925